000 004620000a22001570004500
003 MACL
005 20180310125151.0
008 180310b xxu||||| |||| 00| 0 eng d
040 _cMACL
100 _aसूर्यकांत त्रिपाठी
_955758
245 _aतुलसीदास
260 _bराजकमल प्रकाशन
_c1992
350 _a35
650 _aसाहित्‍य
_971187
942 _cHIN
_k800/NIR/L
_2ddc
999 _c21059
_d21059